Biodiversidad 2014 : (Registro nro. 8975)

Detalles MARC
000 -CABECERA
Campo de control 01698nam a22002897a 4500
005 - FECHA Y HORA DE LA ULTIMA TRANSACCION
Campo de control 20170930020002.0
008 - ELEMENTOS DE LONGITUD FIJA—INFORMACION GENERAL
Campo de control 150115s2014 ck il. r0 000 0 spa d
020 ## - ISBN
ISBN 9789588575636
040 ## - FUENTE DE CATALOGACIÓN
Agencia catalogadora original CO-BoPUJ
Agencia transcriptora CO-BoIAVH
Agencia Modificadora CO-BoIAVH
041 0# - IDIOMA
Código de idioma para texto/pista de sonido o título separado Español
044 ## - PAÍS DE PUBLICACIÓN
País de publicación Colombia
082 04 - NUMERO DE CLASIFICACION DECIMAL DEWEY
Número de clasificación 333.95
Número del ítem B44b
245 00 - MENCION DE TITULO
Título Biodiversidad 2014 :
Parte restante del título estado y tendencias de la biodiversidad continental de Colombia.
Mención de responsabilidad Editado por Bello, Juan Carlos ... [et al.]
260 ## - PUBLICACION, DISTRIBUCION, ETC. (PIE DE IMPRENTA)
Lugar de publicación, distribución, etc. Bogotá :
Nombre del editor, distribuidor, etc. Instituto de Investigación de Recursos Biológicos Alexander von Humboldt,
Fecha de publicación, distribución, etc. 2014.
300 ## - DESCRIPCION FISICA
Extensión 104 p.
Dimensiones 32 cm.
Otros detalles físicos il. (col), mapas, tablas
500 ## - NOTA GENERAL
Nota general Contiene 9 mapas en transparencia cod CID-038474.<br/>Solicitar en biblioteca.
504 ## - NOTA DE BIBLIOGRAFIA, ETC.
Nota de bibliografía Incluye referencias bibliográficas (p. 91-96).
520 ## - NOTA DE RESUMEN, ETC.
Nota de resumen En los últimos veinte años la población colombiana se incrementó en una tercera parte, mientras nuestra sociedad crece, se concentra en las ciudades y se globaliza, ocurren grandes transformaciones de los territorios, tantas que ya es casi imposible imaginar cómo era esa Colombia de hace cien o doscienctos años...<br/>Cada vez se hace mas necesario contar con un panorama amplio de la biodiversidad continental colombiana, haciendo énfasis en los procesos de transformación, en sus causas, consecuencias y oportunidades para el bienestar humano.
650 14 - ASIENTO SECUNDARIO DE MATERIA - TERMINO TEMATICO
Término temático o nombre geográfico como elemento de entrada Medio ambiente
Subdivisión geográfica Colombia
650 24 - ASIENTO SECUNDARIO DE MATERIA - TERMINO TEMATICO
Término temático o nombre geográfico como elemento de entrada Diversidad biológica
Subdivisión geográfica Colombia
650 24 - ASIENTO SECUNDARIO DE MATERIA - TERMINO TEMATICO
Término temático o nombre geográfico como elemento de entrada Biodiversidad.
Subdivisión de forma investigación.
Subdivisión cronológica Colombia
700 1# - ASIENTO SECUNDARIO - NOMBRE PERSONAL
Nombre personal Bello, Juan Carlos
Término de relación cood.
700 1# - ASIENTO SECUNDARIO - NOMBRE PERSONAL
Nombre personal Báez, Mayra
Término de relación ed.
700 1# - ASIENTO SECUNDARIO - NOMBRE PERSONAL
Nombre personal Nagele, Laura
Término de relación ed.
700 1# - ASIENTO SECUNDARIO - NOMBRE PERSONAL
Nombre personal Orrego Santa, Oscar
Término de relación ed.
942 ## - ELEMENTOS ADICIONALES (KOHA)
Sistema de clasificación Dewey Decimal Classification
Tipo de ítem Libro
Koha issues (borrowed), all copies 17
Existencias
Withdrawn status Lost status Sistema de Clasificación Damaged status No para préstamo Colección Inventariado Ubicación Permanente Ubicación actual Fecha de adquisición Fuente de Valor Valor Total Checkouts Número topográfico Inventario / Código de Barras Date last seen Date checked out Ejemplar Price effective from Forma de adquisición Tipo de material Public note Total Renewals
    Dewey Decimal Classification     Humboldt Inventariado 2017 Bogotá Bogotá 15/01/2015 Instituto 39000.00 7 IAVH-333.95 B44b 038473 23/03/2019 23/03/2019 Ej. 1 15/01/2015 Institucional Libro Solicitar mapas adjuntos en biblioteca  
    Dewey Decimal Classification   No para Préstamo Humboldt Inventariado 2017 Bogotá Bogotá 15/01/2015       RE-333.95 B44b 038474 15/01/2015   anexos ej. 1 15/01/2015 Institucional Mapa    
    Dewey Decimal Classification     Humboldt Inventariado 2017 Bogotá Bogotá 22/01/2015 Instituto 39000.00 8 IAVH-333.95 B44b 038540 13/07/2023 17/03/2020 Ej. 2 22/01/2015 Institucional Libro Solicitar mapas adjuntos en biblioteca  
    Dewey Decimal Classification   No para Préstamo Humboldt Inventariado 2017 Bogotá Bogotá 22/01/2015       RE-333.95 B44b 038541 22/01/2015   anexos ej. 2 22/01/2015 Institucional Mapa    
    Dewey Decimal Classification     Humboldt Inventariado 2017 Sala Fabio Quevedo Sala Fabio Quevedo 22/01/2015 Instituto 39000.00 5 IAVH-333.95 B44b 038543 29/09/2015 16/07/2015 Ej. 3 22/01/2015 Institucional Libro Solicitar mapas adjuntos en Sala Fabio Quevedo 5